01398aam a2200301 i 4500001001000000003001000010005001700020007000300037008004100040020002200081040004800103041000800151082002300159100002800182245007400210264005200284264001200336300002700348336002700375337003300402338002800435505043800463563001400901942000700915945001200922952014500934999001701079768714001CO-MdFUSB20211203090641.0ta211203t1971 sp |||| |||| 00| 0 spa d a[No incluye ISBN] bspa.aCO-MdFUSBcCO-MdFUSBdCO-MdFUSBCerda aspa04a289.92 223bD198p1 aDanyans, Eugenioeautor10aProceso a la "biblia" de los testigos de Jehová c/ Eugenio Danyans 1aTerrassa, Barcelona, España : bClie,c[1971] 4c© 1971 a237 páginasc; 20 cm atextobtxt2rdacontent 2rdamediaasin mediaciónbn 2rdacarrieravolumenbnc aLa traducción del "Nuevo Mundo", ¿traducción o falsificación? -- ¿Quién es el Verbo según Juan? -- Disminuyendo la persona de Jesucristo. -- Cristo, tabernáculo de la plenitud de Dios. -- Cristo, el Ser subsistente por sí mismo. -- Cristo, la forma de Jehová. -- Cristo, el preeminente. -- Cristo, la deidad suprema. -- Jehová y Cristo. -- La resurrección corporal de Jesucristo. -- La prohibición de sangre.  aRústico cBK aJTF-925 00102ddc40708GENaFUSBCbFUSBCd2005-01-21l1oG 289.92 D198p p7495r2021-08-24 00:00:00s2021-08-13tEj. 1w2016-01-26yBKB0IINV2023 c39823d39823